| 000 | 00351nam a2200121Ia 4500 | ||
|---|---|---|---|
| 008 | 170224s9999 xx 000 0 und d | ||
| 245 | _aCharacterizing subjective responses to alcohol among adolescent problem drinkers. | ||
| 260 | _bJournal of Abnormal Psychology | ||
| 260 | _c2014 | ||
| 300 | _a123:1 | ||
| 500 | _aFebruary | ||
| 650 | _xPsychology. | ||
| 999 |
_c316409 _d316409 |
||